LEADER 01285nam a2200301 i 4500 001 000000155861 003 CaOOAMICUS 005 20190304082649.0 008 061122s2006 be u000 u mul u 013 $a133215 020 $a978-2-503-01321-3 040 $aSeMil$bita 245 10$aMarii Victorini Explanationes in Ciceronis rhetoricam /$ccuta et studio A. Ippolito. 260 $aTurnhout :$bBrepols,$c2006. 300 $aXCII, 299 p. ;$c26 cm. 490 0 $aCorpus Christianorum. Series Latina ;$v132. 500 $aBibliografia (p. LXXXIII-XCII) 500 $aTesto latino, introduzione e note in italiano 700 1 $aIppolito, Antonella.$0(OLS)http://semarc/name/60947 700 1 $aVictorinus, Caius Marius,$c<290-364>.$0(OLS)http://semarc/name/76044 830 0$aCorpus Christianorum. Series Latina ;$v132.$0(OLS)http://semarc/title/37 850 $aSeMil 852 $aSeMil$W1$xVenegono$y1$mSL2.J II 132$j107688$B107688$CSeMilBibl$Z2$F117253 $8I 961 $aSottoscrizione: Brepols 996 $6020$a978-2-503-01321-3$9(OLS)http://semarc/number/145962 996 $6245$aMarii Victorini Explanationes in Ciceronis rhetoricam$9(OLS)http://semarc/title/228351 996 $6260$aTurnhout :$bBrepols$9(OLS)http://semarc/publisher/29626 LEADER 01054nam a2200217 4500 001 000000339104 003 CaOOAMICUS 005 20240731134916.0 008 200130s1757 it a 000 u lat r 026 $asea, i-ia um*- rape (3) 1757 (R) 040 $aSeMil$bita 245 00$aTomus 4. 264 1$aBononiae :$bEx typographia Laelii a Vulpe, apud Metropolitanam,$c1757. 300 $a[8], 149, [3], 403, [1] p., 24 carte di tav. ripieg. :$bill. calcogr. ;$c4° 500 $aSegn.: pg4 a-t4 A-3D4 3E2 773 0 $aAccademia delle scienze dell'Istituto di Bologna$tDe Bononiensi Scientiarum et Artium Instituto atque Academia commentarii.$dBononiae : Ex typographia Laelii a Vulpe, apud Metropolitanam, 1731-1791.$g4$w()339098 850 $aSeMil 852 $aSeMil$W1$xVenegono$y1$m3XC VI 6 FA$j218241$B230225$CSeMilBibl$Z2$F230225 $8I 996 $6245$aTomus 4$9(OLS)http://semarc/title/151236 996 $6264$aBononiae :$bEx typographia Laelii a Vulpe, apud Metropolitanam$9(OLS)http://semarc/publisher/58812